<?xml version="1.0" encoding="UTF-8"?>
<record
    xmlns:xsi="http://www.w3.org/2001/XMLSchema-instance"
    xsi:schemaLocation="http://www.loc.gov/MARC21/slim http://www.loc.gov/standards/marcxml/schema/MARC21slim.xsd"
    xmlns="http://www.loc.gov/MARC21/slim">

  <leader>00740nam a22001937a 4500</leader>
  <datafield tag="999" ind1=" " ind2=" ">
    <subfield code="c">53944</subfield>
    <subfield code="d">53944</subfield>
  </datafield>
  <controlfield tag="005">20210325201913.0</controlfield>
  <controlfield tag="008">      s2550    th                  tha d</controlfield>
  <datafield tag="020" ind1=" " ind2=" ">
    <subfield code="a">9789748816821</subfield>
  </datafield>
  <datafield tag="040" ind1=" " ind2=" ">
    <subfield code="a">N ALT</subfield>
  </datafield>
  <datafield tag="041" ind1=" " ind2=" ">
    <subfield code="a">tha</subfield>
  </datafield>
  <datafield tag="050" ind1=" " ind2=" ">
    <subfield code="a">HD 1375 </subfield>
    <subfield code="b">&#xE21;443&#xE01; 2550</subfield>
  </datafield>
  <datafield tag="100" ind1="0" ind2=" ">
    <subfield code="a">&#xE21;&#xE32;&#xE19;&#xE1E; &#xE1E;&#xE07;&#xE28;&#xE17;&#xE31;&#xE15;</subfield>
    <subfield code="9">48869</subfield>
  </datafield>
  <datafield tag="245" ind1="1" ind2="0">
    <subfield code="a">&#xE01;&#xE25;&#xE22;&#xE38;&#xE17;&#xE18;&#xE4C;&#xE2D;&#xE2A;&#xE31;&#xE07;&#xE2B;&#xE32;&#xE23;&#xE34;&#xE21;&#xE17;&#xE23;&#xE31;&#xE1E;&#xE22;&#xE4C;&#xE22;&#xE38;&#xE04;&#xE41;&#xE1B;&#xE23;&#xE1B;&#xE23;&#xE27;&#xE19; /</subfield>
    <subfield code="c">&#xE21;&#xE32;&#xE19;&#xE1E; &#xE1E;&#xE07;&#xE28;&#xE17;&#xE31;&#xE15;</subfield>
  </datafield>
  <datafield tag="260" ind1=" " ind2=" ">
    <subfield code="a">&#xE01;&#xE23;&#xE38;&#xE07;&#xE40;&#xE17;&#xE1E;&#xE2F; : </subfield>
    <subfield code="b">&#xE42;&#xE23;&#xE07;&#xE1E;&#xE34;&#xE21;&#xE1E;&#xE4C;&#xE41;&#xE17;&#xE48;&#xE19;&#xE17;&#xE2D;&#xE07;&#xE01;&#xE32;&#xE23;&#xE1E;&#xE34;&#xE21;&#xE1E;&#xE4C;, </subfield>
    <subfield code="c">2550</subfield>
  </datafield>
  <datafield tag="300" ind1=" " ind2=" ">
    <subfield code="a">256 &#xE2B;&#xE19;&#xE49;&#xE32; ;</subfield>
    <subfield code="c">21 &#xE0B;&#xE21;.</subfield>
    <subfield code="b"> </subfield>
  </datafield>
  <datafield tag="650" ind1=" " ind2="4">
    <subfield code="a">&#xE2D;&#xE2A;&#xE31;&#xE07;&#xE2B;&#xE32;&#xE23;&#xE34;&#xE21;&#xE17;&#xE23;&#xE31;&#xE1E;&#xE22;&#xE4C;</subfield>
    <subfield code="9">12578</subfield>
  </datafield>
  <datafield tag="850" ind1=" " ind2=" ">
    <subfield code="a">NALT</subfield>
  </datafield>
  <datafield tag="942" ind1=" " ind2=" ">
    <subfield code="c">GB</subfield>
    <subfield code="2">lcc</subfield>
  </datafield>
  <datafield tag="952" ind1=" " ind2=" ">
    <subfield code="0">0</subfield>
    <subfield code="1">0</subfield>
    <subfield code="4">0</subfield>
    <subfield code="7">0</subfield>
    <subfield code="8">CGBL</subfield>
    <subfield code="a">NALT</subfield>
    <subfield code="b">NALT</subfield>
    <subfield code="e">&#xE08;&#xE31;&#xE14;&#xE0B;&#xE37;&#xE49;&#xE2D;&#xE17;&#xE23;&#xE31;&#xE1E;&#xE22;&#xE32;&#xE01;&#xE23;</subfield>
    <subfield code="g">120.00</subfield>
    <subfield code="l">0</subfield>
    <subfield code="o">HD 1375 &#xE21;443&#xE01;  2550</subfield>
    <subfield code="p">3961169738</subfield>
    <subfield code="r">2017-06-09 00:00:00</subfield>
    <subfield code="t">&#xE09;. 2</subfield>
    <subfield code="v">170.00</subfield>
    <subfield code="w">2017-06-09</subfield>
    <subfield code="y">GB</subfield>
  </datafield>
  <datafield tag="952" ind1=" " ind2=" ">
    <subfield code="0">0</subfield>
    <subfield code="1">0</subfield>
    <subfield code="4">0</subfield>
    <subfield code="7">0</subfield>
    <subfield code="8">CGBL</subfield>
    <subfield code="a">NALT</subfield>
    <subfield code="b">NALT</subfield>
    <subfield code="e">&#xE08;&#xE31;&#xE14;&#xE0B;&#xE37;&#xE49;&#xE2D;&#xE17;&#xE23;&#xE31;&#xE1E;&#xE22;&#xE32;&#xE01;&#xE23;</subfield>
    <subfield code="g">120.00</subfield>
    <subfield code="l">0</subfield>
    <subfield code="o">HD 1375 &#xE21;443&#xE01;  2550</subfield>
    <subfield code="p">3961169737</subfield>
    <subfield code="r">2017-06-09 00:00:00</subfield>
    <subfield code="t">&#xE09;. 1</subfield>
    <subfield code="v">170.00</subfield>
    <subfield code="w">2017-06-09</subfield>
    <subfield code="y">GB</subfield>
  </datafield>
</record>
